| 000 | 00870nam a2200277Ia 4500 | ||
|---|---|---|---|
| 001 | Para_4047 | ||
| 003 | CHAP | ||
| 008 | 220125s1918 xx 000 0 und d | ||
| 010 | _a202517 | ||
| 040 | _cCHAP | ||
| 090 | _aPA FOLLETO 1443 | ||
| 100 |
_aHalligan, C. P. _952367 |
||
| 245 |
_aSpray and practice outline for fruit growers / _c C. P. Halligan, R. H. Pettit |
||
| 260 |
_aEast Lansing, Michigan : _b Agricultural College Experiment Station |
||
| 300 | _a24 p. | ||
| 440 |
_aMichigan. Agr. Coll. Exp. Sta. special Bull; 86 _9167766 |
||
| 650 |
_aAspersión _x Efecto en árboles frutales Fruta _x Fumigación _9167767 |
||
| 700 |
_aPettit, Rolto _987699 |
||
| 901 | _aPA FOLLETO 1443 | ||
| 902 | _aA | ||
| 905 | _a0000001918 EAS 0000000000 00 | ||
| 910 | _a1918 | ||
| 942 | _cPARA | ||
| 942 |
_cPARA _d1 |
||
| 999 |
_c202517 _d202517 |
||